000 00592nam a2200205Ia 4500
005 20230614112956.0
008 131103s9999 xx 000 0 und d
040 _aLoreto College
041 _aEnglish
082 _a301
_bFER
245 _aNemsis
_b critical perspectives on modernization
_cedited by J.V.Ferreira and A.R.Momin
260 _aBombay
_bRamrakhiani Publications
_c1983
300 _aLV,292 p.
504 _aIncludes bibliographical references and index
650 _aSociology
651 _aSociology
700 _aFerreira,J.V. ,ed.
850 _aLCLIB
942 _cBK
999 _c11219
_d61698